| 000 | 00512nam a2200169Ia 4500 | ||
|---|---|---|---|
| 999 |
_c28910 _d28910 |
||
| 003 | OSt | ||
| 005 | 20201207152445.0 | ||
| 008 | 190216s9999||||xx |||||||||||||| ||und|| | ||
| 040 | _coclc | ||
| 082 |
_a894.8124 _bKUN/A |
||
| 100 |
_aKunhikannan, K T _96979 |
||
| 245 | 0 |
_aAagolavalkaranakalathe Judeeshyal Activism / _cK T Kunhikannan |
|
| 260 |
_bSocialist Literature, _aKozhikode: _c2007. |
||
| 300 | _a81p | ||
| 650 | _aLekhanam | ||
| 942 |
_cBK _2ddc _h894.8124 _iKUN/A _k894.8124 _mKUN/A |
||